000
00285nam a22001337a 4500
008
170201b xxu||||| |||| 00| 0 eng d
020
_a
0070237026
041
_a
eng
080
_a
61
100
_a
3
101
_a
SHM
245
_a
PERIOPERATIV MEDICINE
_c
G;LDMAN.D.R
942
_2
udc
_c
BK
999
_c
4194
_d
4194